000 00556nam a2200157 i 4500
001 63846
003 ES-MaACL
005 20230906165001.0
007 t|
008 031217s1973 sp ||||1| spa d
245 0 4 _aUna figura carismática del siglo XIX
_b: Francisco Palau y Quer, O.C. D. apostol y fundador : en el centenario de su muerte 1872-1972 /
_c[presentación, Eulogio Pacho].
260 _a[S.l. :
_bs.n.,
_c1973]
300 _aVIII, 668 p. :
_bretr. aut. ;
_c24 cm.
700 1 _aPacho, Eulogio.
_988144
852 _aES-MaACL
_jC-51978
_bR.85696
999 _c63846
_d63846